| 000 | 00584cas a22002175a 4500 | ||
|---|---|---|---|
| 001 | L266 | ||
| 008 | 070628d19941998xxkmr p 0 a0eng | ||
| 022 | 1 | _a1353-6745 | |
| 035 | _a(Sirsi) u98902 | ||
| 041 | 0 | _aeng | |
| 245 | 0 | 0 | _aProperty Finance and Development |
| 260 |
_aLondon _bIBC Publishing _c1994-1998 |
||
| 362 | 0 | _a6(1) January 1994-10(1) January 1998 | |
| 554 | _a12 per year | ||
| 651 | 4 |
_aEngland and Wales _y1543- |
|
| 690 | _aPROPERTY | ||
| 780 | 0 | 0 |
_tProperty Finance _x0955-8659 |
| 785 | 0 | 0 |
_tProperty Forecast _x1463-1830 |
| 942 | _n0 | ||
| 948 | _c17/08/1994 | ||
| 999 |
_c118570 _d118570 |
||